Every Man a Tiger / (Record no. 186530)
[ view plain ]
| 000 -LEADER | |
|---|---|
| fixed length control field | 00508 a2200169 4500 |
| 003 - CONTROL NUMBER IDENTIFIER | |
| control field | Nust |
| 005 - DATE AND TIME OF LATEST TRANSACTION | |
| control field | 20230406115918.0 |
| 040 ## - CATALOGING SOURCE | |
| Transcribing agency | Nust |
| 082 ## - DEWEY DECIMAL CLASSIFICATION NUMBER | |
| Classification number | 956.7044 |
| 100 ## - MAIN ENTRY--PERSONAL NAME | |
| Personal name | Tom Clancy |
| 9 (RLIN) | 9424 |
| 245 ## - TITLE STATEMENT | |
| Title | Every Man a Tiger / |
| Statement of responsibility, etc. | Tom Clancy |
| 260 ## - PUBLICATION, DISTRIBUTION, ETC. | |
| Place of publication, distribution, etc. | London |
| Name of publisher, distributor, etc. | Macmillian press |
| Date of publication, distribution, etc. | 1999 |
| 300 ## - PHYSICAL DESCRIPTION | |
| Extent | 563 |
| 505 ## - FORMATTED CONTENTS NOTE | |
| Formatted contents note | Part.1: Into the Wild Blue (Page-29), Part.2: Shield in the Sky (Page-163), Part.3: The Thousand – Hour War (Page-333). |
| 650 ## - SUBJECT ADDED ENTRY--TOPICAL TERM | |
| Topical term or geographic name entry element | Every Man a Tiger |
| 9 (RLIN) | 108990 |
| 942 ## - ADDED ENTRY ELEMENTS (KOHA) | |
| Source of classification or shelving scheme | |
| Koha item type | Book |
| Withdrawn status | Lost status | Source of classification or shelving scheme | Damaged status | Not for loan | Permanent Location | Current Location | Shelving location | Date acquired | Full call number | Barcode | Date last seen | Price effective from | Koha item type | Public note |
|---|---|---|---|---|---|---|---|---|---|---|---|---|---|---|
| Military College of Signals (MCS) | Military College of Signals (MCS) | General Stacks | 12/12/2016 | 956.7044,CLA | MCS32874 | 12/08/2016 | 12/12/2016 | Book | Almirah No.62, Shelf No.4 | |||||
| Military College of Signals (MCS) | Military College of Signals (MCS) | General Stacks | 12/12/2016 | 956.7044,CLA | MCS32875 | 12/08/2016 | 12/12/2016 | Book | Almirah No.75, Shelf No.7 |
